[Event "OLNW 2324 SK Nordhorn Blanke - Post SV U"]
[Site "?"]
[Date "2024.04.14"]
[Round "8.2"]
[White "Maatman, Nick"]
[Black "Wiegmann, Sascha"]
[Result "1/2-1/2"]
[WhiteElo "2397"]
[BlackElo "2300"]
[PlyCount "51"]
[EventDate "2024.??.??"]

1. e4 c5 2. Nf3 d6 3. d4 cxd4 4. Nxd4 Nf6 5. Nc3 a6 6. Bg5 e6 7. f4 Nbd7 8. Qe2 Be7 9. O-O-O Qc7 10. g4 b5 11. a3 Bb7 12. Bg2 O-O 13. h4 Rfc8 14. Bxf6 Bxf6 15. g5 Bxd4 16. Rxd4 e5 17. fxe5 dxe5 18. Rdd1 Nc5 19. Bh3 Rd8 20. Qe3 Rd4 21. Rxd4 exd4 22. Qxd4 Nxe4 23. Nxe4 Qf4+ 24. Kb1 Qxe4 25. Rd1 Qxd4 26. Rxd4 1/2-1/2

[Event "OLNW 2324 SK Nordhorn Blanke - Post SV U"]
[Site "?"]
[Date "2024.04.14"]
[Round "8.3"]
[White "Knuedel, Torben"]
[Black "Elgersma, Simon"]
[Result "1-0"]
[WhiteElo "2321"]
[BlackElo "2215"]
[PlyCount "43"]
[EventDate "2024.??.??"]

1. e4 c6 2. d4 d5 3. e5 Bf5 4. Nc3 e6 5. g4 Bg6 6. Nge2 c5 7. h4 h5 8. Nf4 Bh7 9. g5 cxd4 10. Nb5 Nc6 11. Qxh5 Qd7 12. Nxe6 Bb4+ 13. Bd2 Ke7 14. Bxb4+ Nxb4 15. Nexd4 Nxc2+ 16. Nxc2 Bxc2 17. Qxh8 Qg4 18. Be2 Qb4+ 19. Kf1 Be4 20. Rh3 Qxb2 21. Re1 Rc8 22. Nd6 1-0

[Event "OLNW 2324 SK Nordhorn Blanke - Post SV U"]
[Site "?"]
[Date "2024.04.14"]
[Round "8.4"]
[White "Rietman, Frits"]
[Black "Bargsten, Justus"]
[Result "1/2-1/2"]
[WhiteElo "2214"]
[BlackElo "2194"]
[PlyCount "76"]
[EventDate "2024.??.??"]

1. e4 c5 2. Nf3 Nc6 3. Bb5 Nf6 4. Nc3 Nd4 5. Bc4 d6 6. h3 a6 7. a4 e6 8. O-O Bd7 9. Re1 Bc6 10. d3 d5 11. exd5 Nxd5 12. Bxd5 Bxd5 13. Nxd4 cxd4 14. Nxd5 Qxd5 15. Qg4 Rc8 16. Re2 h5 17. Qg3 h4 18. Qg4 Rh5 19. b3 Re5 20. Rxe5 Qxe5 21. Bf4 Qf5 22. Qxf5 exf5 23. Re1+ Kd7 24. Re2 f6 25. Bc1 Bd6 26. Bb2 Be5 27. f4 Bxf4 28. Bxd4 Rc6 29. Kf2 b5 30. axb5 axb5 31. c3 Be5 32. Bxe5 fxe5 33. Rxe5 Rxc3 34. Rxb5 Rxd3 35. Rxf5 Rxb3 36. Rf7+ Ke6 37. Rxg7 Rb8 38. Rg4 Rh8 1/2-1/2

[Event "OLNW 2324 SK Nordhorn Blanke - Post SV U"]
[Site "?"]
[Date "2024.04.14"]
[Round "8.5"]
[White "von Estorff, Jacob"]
[Black "Lambrechts, Koen"]
[Result "0-1"]
[WhiteElo "2195"]
[BlackElo "2297"]
[PlyCount "62"]
[EventDate "2024.??.??"]

1. e4 c6 2. d4 d5 3. e5 Bf5 4. Nc3 e6 5. g4 Bg6 6. Nge2 c5 7. h4 h5 8. Nf4 Bh7 9. Nxh5 a6 10. Be3 Nc6 11. Qd2 Nge7 12. O-O-O Nb4 13. Bd3 Bxd3 14. cxd3 cxd4 15. Bxd4 Nec6 16. Qe3 Nxd4 17. Qxd4 Nc6 18. Qf4 d4 19. Ne4 Qa5 20. Nd6+ Bxd6 21. Nxg7+ Kf8 22. Nxe6+ Ke8 23. exd6 fxe6 24. Rde1 Qxa2 25. Qf6 Kd7 26. Kd1 Rhf8 27. Qg7+ Kxd6 28. Rh2 Rf3 29. Ke2 Raf8 30. Qxb7 R3f6 31. Qb6 Rb8 0-1

[Event "OLNW 2324 SK Nordhorn Blanke - Post SV U"]
[Site "?"]
[Date "2024.04.14"]
[Round "8.6"]
[White "Bertholee, Rob"]
[Black "Askerov, Imamali"]
[Result "1/2-1/2"]
[WhiteElo "2313"]
[BlackElo "1993"]
[PlyCount "67"]
[EventDate "2024.??.??"]

1. c4 e6 2. Nf3 d5 3. g3 dxc4 4. Qa4+ Nd7 5. Qxc4 a6 6. Bg2 b5 7. Qc2 Bb7 8. O-O Ngf6 9. b3 c5 10. Bb2 Be7 11. a4 O-O 12. Nc3 Qb6 13. Qd3 c4 14. bxc4 bxc4 15. Qc2 Nc5 16. Ba3 Qc7 17. Rab1 Rab8 18. Qa2 Nb3 19. Bxe7 Qxe7 20. d4 Bxf3 21. Bxf3 Nxd4 22. Rxb8 Rxb8 23. Qxc4 Nxf3+ 24. exf3 Qa7 25. Rd1 h6 26. Rd6 Qb7 27. Qd3 Rc8 28. Ne4 Nxe4 29. fxe4 a5 30. Rd8+ Kh7 31. e5+ g6 32. Rxc8 Qxc8 33. Qb5 Qc3 34. h4 1/2-1/2

[Event "OLNW 2324 SK Nordhorn Blanke - Post SV U"]
[Site "?"]
[Date "2024.04.14"]
[Round "8.7"]
[White "Mittelstaedt, Hendrik"]
[Black "Oehne, Timo"]
[Result "0-1"]
[WhiteElo "2021"]
[BlackElo "2152"]
[PlyCount "102"]
[EventDate "2024.??.??"]

1. d4 Nf6 2. c4 e6 3. Nc3 Bb4 4. a3 Be7 5. e4 d6 6. Nf3 Nc6 7. h3 O-O 8. Bd3 e5 9. d5 Nb8 10. b4 a5 11. Be3 Nh5 12. Ne2 f5 13. exf5 Bxf5 14. Bxf5 Rxf5 15. Qb1 Qf8 16. bxa5 Rxf3 17. gxf3 Qxf3 18. Kd2 Nd7 19. Qd1 Rxa5 20. Ng3 Qxd1+ 21. Rhxd1 Nf4 22. Rh1 b5 23. cxb5 Rxb5 24. a4 Rxd5+ 25. Kc3 Ra5 26. Kb4 Ra8 27. Kb5 Nb8 28. Rhc1 Nd5 29. Nf5 Kf7 30. Rc2 g6 31. Ng3 Ke6 32. Kc4 c5 33. Rd2 Nb4 34. Kb3 d5 35. Re2 N8c6 36. Ree1 Na5+ 37. Kb2 Nd3+ 38. Kc2 Nxe1+ 39. Rxe1 Nc4 40. Ra1 d4 41. Bd2 Nxd2 42. Kxd2 Kd5 43. f3 c4 44. Ne4 Bb4+ 45. Ke2 d3+ 46. Ke3 Bc5+ 47. Kd2 Kd4 48. Nxc5 Kxc5 49. Kc3 Rb8 50. a5 Rb3+ 51. Kd2 Rb2+ 0-1

[Event "OLNW 2324 SK Nordhorn Blanke - Post SV U"]
[Site "?"]
[Date "2024.04.14"]
[Round "8.8"]
[White "Bierenbroodspot, Paul"]
[Black "Bogomolow, Sergej"]
[Result "1/2-1/2"]
[WhiteElo "2101"]
[BlackElo "2129"]
[PlyCount "114"]
[EventDate "2024.??.??"]

1. d4 e6 2. Nf3 Nf6 3. e3 b6 4. Bd3 Bb7 5. Nbd2 g6 6. b3 Bg7 7. Bb2 d6 8. O-O O-O 9. Qe2 Nbd7 10. Rfd1 Re8 11. Ba6 Qc8 12. Bxb7 Qxb7 13. e4 e5 14. dxe5 dxe5 15. Qc4 b5 16. Qe2 Nc5 17. Bxe5 Rxe5 18. Nxe5 Nfxe4 19. f4 Nc3 20. Qe3 Nxd1 21. Rxd1 Qb6 22. Ndf3 Ne6 23. Qxb6 axb6 24. Rd7 f6 25. Nd3 Bf8 26. f5 gxf5 27. Nh4 Rxa2 28. Nxf5 Rxc2 29. Ne7+ Kh8 30. Nb4 Re2 31. Nbc6 Nd4 32. Rd8 Nxc6 33. Nxc6 Kg7 34. Rd7+ Kg6 35. Kf1 Re3 36. Rxc7 Rxb3 37. Ne7+ Kg5 38. Nd5 h5 39. Rc6 Bc5 40. Nxf6 Rb1+ 41. Ke2 Rb2+ 42. Kd3 Rxg2 43. Ne4+ Kf4 44. Nxc5 bxc5 45. Rxc5 Rg5 46. Rc8 h4 47. Rf8+ Kg4 48. Rf2 Kh3 49. Rb2 Re5 50. Kd4 Re1 51. Kd3 Re5 52. Kd4 Rg5 53. Ke3 Kg4 54. Rb4+ Kh5 55. h3 Rg3+ 56. Kf2 Rxh3 57. Rxb5+ Kg6 1/2-1/2

[Event "OLNW 2324 SV Werder Bremen III - Delmenh"]
[Site "?"]
[Date "2024.04.14"]
[Round "8.1"]
[White "Pahl, Theis"]
[Black "Lichmann, Peter"]
[Result "1/2-1/2"]
[WhiteElo "2092"]
[BlackElo "2325"]
[PlyCount "90"]
[EventDate "2024.??.??"]

1. c4 e5 2. g3 f5 3. d4 e4 4. Nc3 Nf6 5. Bg5 Be7 6. f3 c5 7. d5 h6 8. Be3 d6 9. Qc2 O-O 10. Nh3 Nbd7 11. Bg2 Ne5 12. b3 a6 13. a4 exf3 14. exf3 Nh5 15. O-O Bd7 16. a5 Bf6 17. Nf2 g5 18. Nd3 f4 19. gxf4 Nxd3 20. Qxd3 Bxc3 21. Qxc3 Nxf4 22. Rf2 Qf6 23. Qxf6 Rxf6 24. Bxf4 Rxf4 25. Re1 Raf8 26. Re7 R8f7 27. Rfe2 Rxe7 28. Rxe7 Rf7 29. Re2 Kf8 30. Kf2 Rf4 31. Ke3 Ke7 32. Rb2 Kd8 33. Bf1 Kc7 34. b4 cxb4 35. Rxb4 Bf5 36. Rb6 Rh4 37. Rb2 Kc8 38. Ra2 Kd7 39. Rb2 Kc7 40. Ra2 b6 41. axb6+ Kxb6 42. Rb2+ Kc7 43. Ra2 Bc8 44. Bd3 Rf4 45. Be4 Kb6 1/2-1/2

[Event "OLNW 2324 SV Werder Bremen III - Delmenh"]
[Site "?"]
[Date "2024.04.14"]
[Round "8.2"]
[White "Kardoeus, David"]
[Black "Pahl, Erik"]
[Result "1/2-1/2"]
[WhiteElo "2187"]
[BlackElo "2171"]
[PlyCount "80"]
[EventDate "2024.??.??"]

1. e4 e5 2. Nf3 Nc6 3. Bb5 a6 4. Ba4 Nf6 5. O-O Be7 6. Re1 b5 7. Bb3 O-O 8. a4 b4 9. c3 d6 10. d4 bxc3 11. bxc3 Bg4 12. Be3 Rb8 13. Nbd2 d5 14. dxe5 Nxe5 15. h3 Bh5 16. g4 Nxf3+ 17. Nxf3 dxe4 18. Nd4 Bg6 19. Nc6 Qe8 20. Nxb8 Qxb8 21. Rb1 Qc8 22. Kg2 Bd6 23. Bd4 h5 24. Bxf6 hxg4 25. Qxg4 Qxg4+ 26. hxg4 gxf6 27. Rb2 f5 28. gxf5 Bxf5 29. Bd5 Be5 30. Rb3 Rd8 31. Bxe4 Be6 32. Rb7 Bxc3 33. Rg1 Ba5 34. Ra7 Rd2 35. Rxa6 Bb6 36. Kf3+ Kf8 37. Rg2 Ra2 38. Kg3 Bb3 39. Bc6 Rc2 40. Ra8+ Ke7 1/2-1/2

[Event "OLNW 2324 SV Werder Bremen III - Delmenh"]
[Site "?"]
[Date "2024.04.14"]
[Round "8.3"]
[White "Mossakowski, Florian"]
[Black "Efimenko, Maria"]
[Result "1/2-1/2"]
[WhiteElo "2285"]
[BlackElo "2226"]
[PlyCount "74"]
[EventDate "2024.??.??"]

1. e4 g6 2. d4 d6 3. Nc3 Bg7 4. f4 Nc6 5. Be3 Nf6 6. Nf3 O-O 7. e5 Ng4 8. Bg1 dxe5 9. dxe5 f6 10. Bc4+ Kh8 11. Qxd8 Rxd8 12. h3 Nh6 13. exf6 exf6 14. g4 Re8+ 15. Kf1 Na5 16. Bd3 Bd7 17. Kg2 b6 18. Bf2 c5 19. Rad1 f5 20. Bb5 Bxb5 21. Nxb5 Re2 22. g5 Nf7 23. Rd7 Kg8 24. Rhd1 Nc4 25. Kf1 Re4 26. b3 Rxf4 27. bxc4 Rxf3 28. Kg2 Rf4 29. Rb7 Re8 30. Rd2 Nxg5 31. Nd6 Re6 32. Bg3 Rd4 33. Rxd4 Bxd4 34. h4 Ne4 35. Rb8+ Kg7 36. Rb7+ Kf8 37. Rb8+ Kg7 1/2-1/2

[Event "OLNW 2324 SV Werder Bremen III - Delmenh"]
[Site "?"]
[Date "2024.04.14"]
[Round "8.4"]
[White "Heldt, Nils-Lennart"]
[Black "Hedke, Fred"]
[Result "0-1"]
[WhiteElo "2063"]
[BlackElo "2194"]
[PlyCount "30"]
[EventDate "2024.??.??"]

1. e4 e5 2. Nf3 Nc6 3. Bb5 Nge7 4. c3 g6 5. d4 exd4 6. cxd4 d5 7. exd5 Nxd5 8. O-O Bg7 9. Re1+ Be6 10. Bg5 Qd6 11. Nc3 O-O 12. a3 Bg4 13. h3 Nxd4 14. hxg4 Nxc3 15. Be7 Nxd1 0-1

[Event "OLNW 2324 SV Werder Bremen III - Delmenh"]
[Site "?"]
[Date "2024.04.14"]
[Round "8.5"]
[White "Chokhonelidze, Giorgi"]
[Black "Steffens, Olaf"]
[Result "0-1"]
[WhiteElo "2267"]
[BlackElo "2175"]
[PlyCount "78"]
[EventDate "2024.??.??"]

1. Nf3 d6 2. c4 g6 3. g3 Bg7 4. Bg2 c6 5. O-O Na6 6. d3 Nh6 7. Nc3 O-O 8. Bd2 f5 9. Rb1 e5 10. b4 f4 11. b5 Nc5 12. bxc6 bxc6 13. Ne1 Qg5 14. Bxc6 Bh3 15. Bg2 Qh5 16. Bf3 Ng4 17. Ng2 fxg3 18. fxg3 e4 19. Bxg4 Qxg4 20. Nd5 Rxf1+ 21. Qxf1 exd3 22. e3 Qe4 23. Ndf4 Rf8 24. Qe1 Bxg2 25. Nxg2 Qxc4 26. Rc1 Qxa2 27. Nf4 g5 28. Nh5 Ne4 29. Rd1 Be5 30. Nf4 gxf4 31. gxf4 Bg7 32. Bb4 Rf6 33. Bd2 Rg6+ 34. Kf1 Bc3 35. Qh4 Nxd2+ 36. Rxd2 Qb1+ 37. Kf2 Qg1+ 38. Kf3 Qh1+ 39. Kf2 Qg2+ 0-1

[Event "OLNW 2324 SV Werder Bremen III - Delmenh"]
[Site "?"]
[Date "2024.04.14"]
[Round "8.6"]
[White "Buchal, Stephan"]
[Black "Juhnke, Karl"]
[Result "1-0"]
[WhiteElo "2182"]
[BlackElo "2120"]
[PlyCount "47"]
[EventDate "2024.??.??"]

1. c4 g6 2. g3 Bg7 3. Bg2 Nf6 4. Nf3 O-O 5. O-O d6 6. b3 c5 7. Bb2 Nc6 8. Nc3 Rb8 9. e3 Bg4 10. h3 Bf5 11. d4 Qc8 12. Kh2 a6 13. Qe2 Ne4 14. Rac1 Nxc3 15. Bxc3 Be4 16. Rfd1 h5 17. Qb2 b5 18. cxb5 Rxb5 19. dxc5 Bxc3 20. Rxc3 Rxc5 21. Rxc5 dxc5 22. Qc3 Qf5 23. Nh4 Qxf2 24. Rd2 1-0

[Event "OLNW 2324 SV Werder Bremen III - Delmenh"]
[Site "?"]
[Date "2024.04.14"]
[Round "8.7"]
[White "Margraf, Daniel"]
[Black "Franke, Reiner"]
[Result "0-1"]
[WhiteElo "2231"]
[BlackElo "2163"]
[PlyCount "116"]
[EventDate "2024.??.??"]

1. e4 c5 2. Nc3 Nc6 3. f4 g6 4. Nf3 Bg7 5. d3 d6 6. Be2 e6 7. O-O Nge7 8. Qe1 Nd4 9. Nxd4 cxd4 10. Nb1 O-O 11. Nd2 Bd7 12. Nf3 Rc8 13. Bd1 Ba4 14. Rf2 Qd7 15. Qb4 e5 16. b3 Bc6 17. Ba3 Rfe8 18. Qxd6 Qxd6 19. Bxd6 exf4 20. Bxf4 f5 21. e5 Nd5 22. g3 Nxf4 23. gxf4 Red8 24. Ng5 Bh6 25. h4 Rd7 26. a4 Bd5 27. Ra2 Rdc7 28. Rh2 Rc6 29. Kf2 Bf8 30. Kg3 Bb4 31. Bf3 Be1+ 32. Kh3 Bxf3 33. Nxf3 Bc3 34. Kg3 a5 35. Nd2 Bxd2 36. Rxd2 Kf7 37. Rb2 Ke6 38. Kf2 Kd5 39. Ke1 h6 40. Rg2 Rg8 41. Kd2 g5 42. hxg5 hxg5 43. Rb1 Rgc8 44. Kc1 gxf4 45. c4+ dxc3 46. Kc2 f3 47. Rg3 Rh8 48. Rf1 Rh2+ 49. Kc1 f2 50. Rf3 Kxe5 51. R3xf2 Rxf2 52. Rxf2 f4 53. Kc2 Rc8 54. Re2+ Kf5 55. Re7 f3 56. Rxb7 Rf8 57. Rh7 Ke5 58. Rh5+ Rf5 0-1

[Event "OLNW 2324 SV Werder Bremen III - Delmenh"]
[Site "?"]
[Date "2024.04.14"]
[Round "8.8"]
[White "Diederichsen, Detlev"]
[Black "Meyer, Thorsten"]
[Result "1-0"]
[WhiteElo "2140"]
[BlackElo "1947"]
[PlyCount "75"]
[EventDate "2024.??.??"]

1. d4 Nf6 2. Nf3 d6 3. c4 g6 4. g3 Bg7 5. Bg2 O-O 6. O-O Nbd7 7. Nc3 Re8 8. e4 e5 9. Re1 a5 10. h3 h6 11. Be3 Kh7 12. Qc2 Ng8 13. Rad1 c6 14. b3 Qc7 15. a3 Nf8 16. b4 f5 17. c5 dxc5 18. bxc5 f4 19. gxf4 exf4 20. Bc1 g5 21. d5 Qf7 22. dxc6 bxc6 23. e5+ Bf5 24. Ne4 Ne7 25. Qa4 Qh5 26. Nf6+ Bxf6 27. exf6 Neg6 28. Rxe8 Rxe8 29. Qxc6 Ne5 30. Qb7+ Nf7 31. Qe7 Rc8 32. Re1 Nd7 33. Nd4 g4 34. Nxf5 gxh3 35. Be4 Qg5+ 36. Ng3+ Kg8 37. Qxd7 Rd8 38. Bh7+ 1-0

[Event "OLNW 2324 SK Kirchweyhe II - SK Union Ol"]
[Site "?"]
[Date "2024.04.14"]
[Round "8.1"]
[White "Wittje, Berthold"]
[Black "Palac, Mladen"]
[Result "0-1"]
[WhiteElo "2262"]
[BlackElo "2463"]
[PlyCount "104"]
[EventDate "2024.??.??"]

1. Nf3 d5 2. g3 Nf6 3. Bg2 c5 4. O-O e6 5. d4 cxd4 6. Nxd4 e5 7. Nb3 Be6 8. Bg5 Nbd7 9. e4 dxe4 10. Nc3 Be7 11. Nxe4 Nxe4 12. Bxe7 Qxe7 13. Bxe4 Rb8 14. Re1 O-O 15. Qf3 f5 16. Bd5 e4 17. Bxe6+ Qxe6 18. Nd4 Qf6 19. Qb3+ Kh8 20. Rad1 Ne5 21. Kg2 Rfe8 22. Qb5 a6 23. Qe2 b5 24. Kg1 Rbd8 25. c3 Qf7 26. f4 Nd3 27. Rf1 Qxa2 28. Ra1 Qxb2 29. Qxb2 Nxb2 30. Rxa6 e3 31. Rb6 b4 32. Rxb4 Nd3 33. Rbb1 e2 34. Rfe1 Nxe1 35. Rxe1 g6 36. Kf2 Ra8 37. Rxe2 Rxe2+ 38. Nxe2 Ra2 39. Ke3 Kg7 40. Kd3 Kf6 41. Ke3 Ke6 42. Kd3 Kd5 43. h3 Ra1 44. Nd4 Rh1 45. h4 Rg1 46. Ne2 Rd1+ 47. Kc2 Rf1 48. Nd4 Ke4 49. Ne6 Rf2+ 50. Kc1 Rg2 51. Kd1 Kd3 52. Ke1 Re2+ 0-1

[Event "OLNW 2324 SK Kirchweyhe II - SK Union Ol"]
[Site "?"]
[Date "2024.04.14"]
[Round "8.2"]
[White "Zeitlein, Michael"]
[Black "Mueer, Sebastian"]
[Result "0-1"]
[WhiteElo "2337"]
[BlackElo "2159"]
[PlyCount "76"]
[EventDate "2024.??.??"]

1. d4 Nf6 2. Nf3 d5 3. e3 e6 4. c4 c6 5. Nbd2 Nbd7 6. Bd3 c5 7. O-O cxd4 8. exd4 Be7 9. c5 O-O 10. b4 a5 11. b5 e5 12. dxe5 Nxc5 13. Bc2 Nfe4 14. Qe1 Qb6 15. a4 Bf5 16. Nd4 Nd3 17. Nxf5 Nxe1 18. Nxe7+ Kh8 19. Bxe4 dxe4 20. Rxe1 f5 21. Ba3 Qd4 22. Nf1 Qxe5 23. Ne3 f4 24. Nc4 Qe6 25. Nd2 e3 26. Nf3 Rae8 27. fxe3 fxe3 28. Bc5 Rxe7 29. Rxe3 Qxe3+ 30. Bxe3 Rxe3 31. Rc1 Re4 32. Rc7 Rb8 33. Ng5 Rxa4 34. Ne6 Rb4 35. Nxg7 Rxb5 36. Re7 Rf8 37. h4 a4 38. Ne6 a3 0-1

[Event "OLNW 2324 SK Kirchweyhe II - SK Union Ol"]
[Site "?"]
[Date "2024.04.14"]
[Round "8.3"]
[White "Bredemeier, Dirk"]
[Black "Kuegel, Tobias"]
[Result "1-0"]
[WhiteElo "2244"]
[BlackElo "2420"]
[PlyCount "113"]
[EventDate "2024.??.??"]

1. c4 e6 2. g3 d5 3. Bg2 Nf6 4. Nf3 Be7 5. O-O O-O 6. Qc2 d4 7. d3 c5 8. e3 Nc6 9. exd4 cxd4 10. a3 a5 11. Bg5 Nd7 12. Bxe7 Qxe7 13. Nbd2 e5 14. Rfe1 f6 15. Nb3 Qd8 16. c5 Ndb8 17. Nbd2 Be6 18. Nc4 Nd7 19. Nd6 Qc7 20. Nb5 Qc8 21. Nbxd4 Nxd4 22. Nxd4 Bf7 23. Nf5 Qxc5 24. Rac1 Qxc2 25. Rxc2 Ra6 26. Bxb7 Rb6 27. Bc6 Nb8 28. Ne7+ Kh8 29. Be4 Na6 30. Rec1 g6 31. g4 Kg7 32. Rc6 Rfb8 33. Nc8 Rxc6 34. Rxc6 f5 35. gxf5 gxf5 36. Bf3 Ra8 37. Ne7 Nb8 38. Nxf5+ Kf8 39. Rc8+ Be8 40. Bxa8 Nd7 41. Bc6 Nf6 42. Bxe8 Nxe8 43. Nd6 Ke7 44. Rxe8+ Kxd6 45. Ra8 Kd5 46. Rxa5+ Kd4 47. b4 h5 48. h4 e4 49. dxe4 Kxe4 50. Rxh5 Kd4 51. Rc5 Ke4 52. h5 Kd4 53. h6 Ke4 54. h7 Kd4 55. h8=Q+ Ke4 56. Qc3 Kf4 57. Qg3+ 1-0

[Event "OLNW 2324 SK Kirchweyhe II - SK Union Ol"]
[Site "?"]
[Date "2024.04.14"]
[Round "8.4"]
[White "Zaja, Ivan"]
[Black "Meessen, Max"]
[Result "1-0"]
[WhiteElo "2422"]
[BlackElo "2144"]
[PlyCount "57"]
[EventDate "2024.??.??"]

1. d4 d5 2. c4 e6 3. Nc3 Nf6 4. Nf3 Be7 5. Bg5 h6 6. Bxf6 Bxf6 7. Qd2 O-O 8. Rd1 b6 9. cxd5 exd5 10. e3 Be6 11. Be2 Nd7 12. O-O c5 13. dxc5 Nxc5 14. Nd4 Rc8 15. Bf3 Re8 16. Qe2 Qd7 17. Bh5 Na4 18. Nxa4 Qxa4 19. b3 Qd7 20. Nxe6 Qxe6 21. Bg4 Qe5 22. Bxc8 Rxc8 23. Rd3 Qe4 24. Qd2 Rc5 25. Rd1 d4 26. exd4 Rg5 27. f3 Qd5 28. Qe2 Rh5 29. Qe8+ 1-0

[Event "OLNW 2324 SK Kirchweyhe II - SK Union Ol"]
[Site "?"]
[Date "2024.04.14"]
[Round "8.5"]
[White "Wagner, Jan"]
[Black "Kovacevic, Blazimir"]
[Result "1/2-1/2"]
[WhiteElo "2124"]
[BlackElo "2383"]
[PlyCount "46"]
[EventDate "2024.??.??"]

1. Nf3 d5 2. e3 Nf6 3. b3 Bf5 4. Bb2 e6 5. Nh4 Bg4 6. Be2 Bxe2 7. Qxe2 Nbd7 8. f4 g6 9. O-O Bg7 10. d3 O-O 11. Nd2 c5 12. Nhf3 b5 13. a4 a6 14. Ne5 Nxe5 15. Bxe5 Qb6 16. Ra2 b4 17. Raa1 Rfe8 18. Rae1 Nd7 19. Bxg7 Kxg7 20. Qf2 f5 21. e4 Nf6 22. h3 Qc7 23. Re3 Rad8 1/2-1/2

[Event "OLNW 2324 SK Kirchweyhe II - SK Union Ol"]
[Site "?"]
[Date "2024.04.14"]
[Round "8.6"]
[White "Genov, Petar"]
[Black "Eschholz, Enno"]
[Result "1-0"]
[WhiteElo "2408"]
[BlackElo "2122"]
[PlyCount "68"]
[EventDate "2024.??.??"]

1. d4 Nf6 2. c4 Nc6 3. Nf3 e6 4. a3 d6 5. Nc3 g6 6. e4 Bg7 7. Be2 O-O 8. Be3 Ne7 9. Nd2 b6 10. O-O Bb7 11. Qc2 Nd7 12. f3 a6 13. Rfd1 c6 14. b4 Qc7 15. Nb3 Rac8 16. Rac1 f5 17. Qd2 Rfd8 18. Bg5 Nf6 19. Qe3 Kf7 20. c5 bxc5 21. bxc5 d5 22. Bf4 Qd7 23. Na5 Ra8 24. Rb1 Bc8 25. Bd6 dxe4 26. fxe4 fxe4 27. Nc4 Nf5 28. Qh3 Qe8 29. g4 Nxd6 30. Nxd6+ Rxd6 31. cxd6 Nd5 32. Qxh7 Nf6 33. Rf1 Qg8 34. Rxf6+ Kxf6 1-0

[Event "OLNW 2324 SK Kirchweyhe II - SK Union Ol"]
[Site "?"]
[Date "2024.04.14"]
[Round "8.7"]
[White "Schuette, Marc"]
[Black "Medak, Bojan"]
[Result "0-1"]
[WhiteElo "2129"]
[BlackElo "2330"]
[PlyCount "86"]
[EventDate "2024.??.??"]

1. e4 c5 2. c3 Nf6 3. e5 Nd5 4. d4 cxd4 5. Qxd4 e6 6. Nf3 Nc6 7. Qe4 d6 8. Bg5 Qc7 9. c4 Nb6 10. Nc3 dxe5 11. Nb5 Qb8 12. O-O-O f6 13. Be3 Nd7 14. Nh4 f5 15. Qf3 g6 16. g4 Nf6 17. Bh3 Be7 18. Bg5 a6 19. Bxf6 Bxf6 20. Nd6+ Ke7 21. Qa3 Bg5+ 22. Kb1 Kf6 23. Nf3 Bf4 24. Rhg1 Rd8 25. c5 Qc7 26. gxf5 exf5 27. Rge1 Be6 28. Bf1 Qa5 29. Qxa5 Nxa5 30. b4 Nc6 31. a3 Rab8 32. h3 e4 33. Nd4 Nxd4 34. Rxd4 Be5 35. Rdd1 Bb3 36. Rc1 Bf4 37. Rc3 Bd2 38. Ree3 Bxc3 39. Rxc3 Bd5 40. Kc1 Ke5 41. Bc4 Kd4 42. Rc2 Rxd6 43. Bxd5 Rxd5 0-1

[Event "OLNW 2324 SK Kirchweyhe II - SK Union Ol"]
[Site "?"]
[Date "2024.04.14"]
[Round "8.8"]
[White "Vernacki, Srdjan"]
[Black "Heinemann, Ernst"]
[Result "1/2-1/2"]
[WhiteElo "2265"]
[BlackElo "2055"]
[PlyCount "140"]
[EventDate "2024.??.??"]

1. c4 g6 2. Nf3 Bg7 3. Nc3 c5 4. e3 Nf6 5. Be2 O-O 6. O-O d5 7. cxd5 Nxd5 8. a3 Nc6 9. Qc2 Nxc3 10. bxc3 b6 11. e4 Bb7 12. d3 Qd6 13. Be3 Rac8 14. Qb2 e5 15. Nd2 Na5 16. Rad1 Qe7 17. c4 Rcd8 18. Nb1 Nc6 19. Nc3 Nd4 20. Nd5 Bxd5 21. cxd5 Qh4 22. a4 Bh6 23. Bxd4 cxd4 24. Ra1 Qe7 25. a5 Qc5 26. axb6 axb6 27. Rfb1 Rb8 28. Ra6 Rfc8 29. Rxb6 Rxb6 30. Qxb6 Qxb6 31. Rxb6 Bf8 32. g3 Rd8 33. Rb7 Bd6 34. Bg4 Kf8 35. Bd1 Rb8 36. Rxb8+ Bxb8 37. Kg2 Ke7 38. Ba4 h6 39. Kf3 Bd6 40. Kg4 Kf6 41. f4 Be7 42. Bd7 Bd6 43. h4 Bc7 44. Be8 Ke7 45. Bb5 Kf6 46. Bc4 Bd6 47. Ba6 Bc7 48. Bc8 Bd6 49. Kf3 Bc7 50. Bg4 Bd6 51. h5 g5 52. fxe5+ Kxe5 53. Bd7 Bb4 54. Ke2 f6 55. Kd1 Kd6 56. Bf5 Ba5 57. Kc2 Be1 58. g4 Kc5 59. Kb3 Bd2 60. Kc2 Ba5 61. Be6 Kd6 62. Kd1 Bb4 63. Kc2 Be1 64. Bg8 Ba5 65. Kb3 Kc5 66. Be6 Be1 67. e5 fxe5 68. Kc2 Kd6 69. Kd1 Bb4 70. Ke2 Ke7 1/2-1/2

[Event "OLNW 2324 SK Union Oldenburg - SK Rickli"]
[Site "?"]
[Date "2024.04.28"]
[Round "9.1"]
[White "Ackermann, Dennie"]
[Black "Wittje, Berthold"]
[Result "0-1"]
[WhiteElo "2070"]
[BlackElo "2262"]
[PlyCount "52"]
[EventDate "2024.??.??"]

1. Nf3 Nf6 2. d4 e6 3. e3 c5 4. Bd3 Nc6 5. O-O Be7 6. b3 O-O 7. Bb2 b6 8. Nbd2 Bb7 9. dxc5 bxc5 10. e4 d6 11. Re1 Qc7 12. c4 e5 13. Rc1 Nd4 14. Nxd4 exd4 15. f4 Rae8 16. Rc2 Bd8 17. a3 Bc6 18. g4 Qb7 19. Qf3 Ba5 20. b4 cxb4 21. g5 Nd7 22. axb4 Ba4 23. Ba3 Bxc2 24. Bxc2 Bxb4 25. Rb1 a5 26. Qh3 Nc5 0-1

[Event "OLNW 2324 SK Union Oldenburg - SK Rickli"]
[Site "?"]
[Date "2024.04.28"]
[Round "9.2"]
[White "Mueer, Sebastian"]
[Black "Simon, Ralf-Axel"]
[Result "1-0"]
[WhiteElo "2159"]
[BlackElo "2026"]
[PlyCount "53"]
[EventDate "2024.??.??"]

1. e4 e5 2. Nf3 Nc6 3. Bc4 Nf6 4. d4 Nxe4 5. dxe5 Nc5 6. Nc3 Be7 7. O-O O-O 8. Nd5 Ne6 9. Re1 Re8 10. c3 Bf8 11. Qc2 d6 12. exd6 Bxd6 13. Bg5 Qd7 14. Rad1 b6 15. Re4 Na5 16. Rh4 Nf8 17. Bd3 Ng6 18. c4 c6 19. Ne3 Qc7 20. Rh5 Nb7 21. Nf5 Bf4 22. g3 Bxg5 23. Nxg5 h6 24. Nxf7 Qxf7 25. Nxh6+ gxh6 26. Bxg6 Qf3 27. Bxe8 1-0

[Event "OLNW 2324 SK Union Oldenburg - SK Rickli"]
[Site "?"]
[Date "2024.04.28"]
[Round "9.3"]
[White "Schmidt, Benjamin"]
[Black "Bredemeier, Dirk"]
[Result "0-1"]
[WhiteElo "1943"]
[BlackElo "2244"]
[PlyCount "74"]
[EventDate "2024.??.??"]

1. d4 e6 2. e4 d5 3. e5 c5 4. c3 Nc6 5. Nf3 Bd7 6. Be2 Nge7 7. Na3 Ng6 8. Nc2 cxd4 9. cxd4 Be7 10. O-O O-O 11. Bd3 Nh8 12. g3 f6 13. h4 Nf7 14. exf6 Bxf6 15. Re1 g6 16. Bf4 Qb6 17. Qd2 Rae8 18. Ne5 Nfxe5 19. dxe5 Bg7 20. Kg2 d4 21. b4 a6 22. a4 Rd8 23. a5 Qc7 24. Qe2 Rxf4 25. gxf4 Ne7 26. Nxd4 Qc3 27. Nf3 Nd5 28. Kg3 Bc6 29. b5 Nxf4 30. Kxf4 Rf8+ 31. Kg3 Rxf3+ 32. Kh2 Qd4 33. Kg1 Qg4+ 34. Kf1 Qh3+ 35. Kg1 Qh1+ 36. Kxh1 Rh3+ 37. Kg1 Rh1# 0-1

[Event "OLNW 2324 SK Union Oldenburg - SK Rickli"]
[Site "?"]
[Date "2024.04.28"]
[Round "9.4"]
[White "Meessen, Max"]
[Black "Spiess, Thomas"]
[Result "1-0"]
[WhiteElo "2144"]
[BlackElo "1992"]
[PlyCount "95"]
[EventDate "2024.??.??"]

1. d4 d5 2. c4 c6 3. Nf3 Nf6 4. g3 dxc4 5. Bg2 b5 6. O-O Nbd7 7. b3 cxb3 8. Qxb3 e6 9. Nc3 a5 10. Bg5 Qb6 11. Rac1 a4 12. Qc2 Ba3 13. Rb1 Be7 14. Ne5 Nxe5 15. dxe5 Nd5 16. Bxe7 Kxe7 17. Nxa4 Qd4 18. Nc5 Qxe5 19. Nd3 Qc3 20. Qd1 Rxa2 21. Rc1 Qd4 22. Rxc6 Bd7 23. Rc2 Re8 24. e3 Qa4 25. Rxa2 Qxa2 26. Qh5 h6 27. Nb4 Qd2 28. Nxd5+ exd5 29. Bxd5 Rf8 30. Qe5+ Be6 31. Bxe6 fxe6 32. Qxg7+ Rf7 33. Qxh6 b4 34. Qh4+ Ke8 35. Qe4 Ke7 36. h4 Rf8 37. g4 Rf7 38. h5 Qc3 39. Rb1 Qf6 40. Qxb4+ Ke8 41. Qb8+ Kd7 42. Rd1+ Kc6 43. Qd6+ Kb5 44. Rb1+ Kc4 45. Rb4+ Kc3 46. Qc5+ Kd2 47. Rd4+ Ke2 48. Qc2+ 1-0